000 00273nam a22001217a 4500
008 171017b xxu||||| |||| 00| 0 eng d
041 _aeng
080 _a338
100 _a53
101 _aMEN
245 _aHANDBOOK FOR DIGITAL PROJECT
_cSITTS.M.K
942 _2udc
_cBK
999 _c34514
_d34514